01545nam a2200361Ia 4500001001200000003000800012006001900020007001500039008004100054020002500095020002200120040002100142035002100163050002200184100003300206240004400239245017300283260004600456300001800502490002800520504004100548533015200589650003100741650006800772650005700840655002900897700002300926700001800949710001700967830005400984856012601038999001901164ebr10329681CaPaEBRm u cr cn|||||||||081218s2009 enk sb 000 0ceng d z9780199226740 (pbk.) z0199226741 (pbk.) aCaPaEBRcCaPaEBR a(OCoLC)64682800414aPR553b.J7 2009eb1 aJohnson, Samuel,d1709-1784.10aLives of the English poets.kSelections14aThe lives of the poetsh[electronic resource] :ba selection /cSamuel Johnson ; text edited by Roger Lonsdale ; selected with an introduction and notes by John Mullan. aOxford :bOxford University Press,c2009. axxxiv, 523 p.1 aOxford world's classics aIncludes bibliographical references. aElectronic reproduction.bPalo Alto, Calif. :cebrary,d2009.nAvailable via World Wide Web.nAccess may be limited to ebrary affiliated libraries. 0aPoets, EnglishvBiography. 0aPoets, EnglishyEarly modern, 1500-1700xHistory and criticism. 0aPoets, Englishy18th centuryxHistory and criticism. 7aElectronic books.2local1 aLonsdale, Roger H.1 aMullan, John.2 aebrary, Inc. 0aOxford world's classics (Oxford University Press)40uhttp://site.ebrary.com/lib/rucke/Doc?id=10329681zAn electronic book accessible through the World Wide Web; click to view c158100d158100